La historia interminable: De la A a la Z

Saved in:
Bibliografiske detaljer
Hovedforfatter: Ende, Michael (Author)
Format: Bog
Sprog:spansk
Udgivet: Santiago Aguilar Chilena de Ediciones 2012
Udgivelse:13a. ed
Fag:
Tags: Tilføj Tag
Ingen Tags, Vær først til at tagge denne postø!

MARC

LEADER 00000cam a2200000 a 4500
001 UCF9535
003 CL-VaPUC
008 131129e20120000cl |||||||||||||||||spa|d
020 |a 9562391647 
082 0 4 |a 833  |b END  |2 21 
100 0 |a Ende, Michael  |e author  |9 237 
245 1 3 |a La historia interminable: De la A a la Z 
250 |a 13a. ed 
300 |a 419 p 
942 |c BK 
945 |d 20131129 12:34:00  |a cmena 
260 |a Santiago  |b Aguilar Chilena de Ediciones  |c 2012 
650 0 |a Novelas alemanas   |9 265783 
650 7 |a NOVELAS FANTASTICAS  |2 CL-VaPUC  |9 376979 
650 0 |a Literatura alemana   |9 265457 
583 |a last modification  |c 20131129 12:34:00  |k Rodrigo Vera 
999 |c 353978  |d 353976